000 01017nac a22002891ic4500
003 EG-ScBUE
005 20250218093755.0
008 250211s1962 enka f f001 0 eng d
035 _a(OCoLC)16746178
040 _aEG-ScBUE
_beng
_erda
_cEG-ScBUE
_dEG-ScBUE
082 0 4 _a519
_bJOH
_222
100 1 _aJohnson, Norman Lloyd,
_eauthor.
245 1 0 _aStatistics :
_ban intermediate text book.
_nvolume 1 /
_cBy N. L. Johnson, M.Sc., PH.D., F.I.A., and H. Tetley, M.A., F.I.A.
250 _aSecond edition.
264 _aLondon ;
_aNew York, N. Y :
_bThe Syndics of the Cambridge University Press,
_c1962.
300 _axii, 304 pages :
_billustrations, tables ;
_c22 cm
336 _2rdacontent
_atext
_btxt
337 _aunmediated
_2rdamedia
_bn
338 _avolume
_bnc
_2rdacarrier
500 _aIncludes index.
500 _aIncludes appendix.
650 7 _aStatistics.
_2BUEsh
655 _vReading book
700 1 _aTetley, H.,
_eauthor.
942 _cBB
_2ddc
999 _c1783
_d1783